| 000 | 01727cam a2200385 4500 | ||
|---|---|---|---|
| 002 | 7974 | ||
| 008 | 040915n2004 000 0 eng u | ||
| 020 | _a1859461352 | ||
| 035 | _a(Sirsi) u127421 | ||
| 041 | _aeng | ||
| 050 |
_a692.8 _c18 |
||
| 110 | _aRIBA | ||
| 245 | 4 |
_aThe architects contract _bguide to RIBA forms of appointment 2004 revisions |
|
| 250 | _a2nd ed. | ||
| 260 |
_aLondon _bRIBA _c2004 |
||
| 300 |
_aiii, 122p. _c30cm. |
||
| 350 | _a20 | ||
| 520 | _aThe second edition of this guide provides up-to-date advice on the application and completion of the latest RIBA standard forms of appointment. The primary focus is on the 2004 version of the Standard Form of Agreement for the Appointment of an Architect, with detailed explanations of the architect's role and responsibilities. The guide also covers the other eight standard forms in the suite and the new Access Management Services Supplement. Other sections include the calculation of fees, design and build procurement, project specific considerations and worked examples. Appendices. | ||
| 520 | _aSupersedes first edition (ISBN 1859460542). | ||
| 650 | _aARCHITECTS | ||
| 650 | _aARCHITECTS' FEES | ||
| 650 | _aSTANDARD FORMS OF APPOINTMENT | ||
| 650 | _aCONDITIONS OF ENGAGEMENT | ||
| 650 | _aDESIGN AND BUILD | ||
| 650 | _aSFA/99 | ||
| 650 | _aRIBA CONDITIONS OF ENGAGEMENT FOR THE APPOINTMENT OF AN ARCHITECT (1999 EDITION) | ||
| 650 | _aSW/99 | ||
| 650 | _aPS/99 | ||
| 650 | _aRIBA FORM OF APPOINTMENT AS A PROJECT MANAGER (1999 EDITION) | ||
| 650 | _aDB1/99 | ||
| 650 | _aDB2/99 | ||
| 650 | _aRIBA ACCESS MANAGEMENT SERVICES (2004 EDITION) | ||
| 690 | _aBUILT ENVIRONMENT-BUILDING CONTRACT FORMS | ||
| 942 | _n0 | ||
| 999 |
_c103784 _d103784 |
||